[Event "Gelsenkirchen Koenigsspringer op"]
[Site "Gelsenkirchen"]
[Date "2019.12.30"]
[Round "7"]
[White "Hammerich, Simon"]
[Black "Cakir, Eren"]
[Result "1-0"]
[WhiteElo "2043"]
[BlackElo "1788"]
[PlyCount "85"]
[EventDate "2019.12.27"]
[EventType "swiss"]
[EventRounds "7"]
[EventCountry "GER"]
[SourceTitle "CBM 194 Extra"]
[Source "ChessBase"]
[SourceDate "2020.03.31"]
[SourceVersion "1"]
[SourceVersionDate "2020.03.31"]
[SourceQuality "1"]

1. e4 c5 2. Nf3 e6 3. b3 Nc6 4. Bb2 a6 5. c4 d6 6. d4 cxd4 7. Nxd4 Nf6 8. Nc3 Be7 9. Be2 Bd7 10. 0-0 0-0 11. Rc1 Nxd4 12. Qxd4 Bc6 13. f3 e5 14. Qd2 Nh5 15. Rcd1 Nf4 16. g3 Qb6+ 17. Kh1 Nxe2 18. Qxe2 f5 19. Nd5 Bxd5 20. Rxd5 f4 21. Kg2 Rf6 22. Ba3 Raf8 23. Rfd1 Qe3 24. Qd3 g5 25. g4 Qxd3 26. R1xd3 b5 27. cxb5 axb5 28. Rxb5 Ra8 29. b4 Rc8 30. Rd2 Ra8 31. Ra5 Rxa5 32. bxa5 Kf7 33. Rd5 Ke6 34. a6 Rf8 35. Rb5 Ra8 36. Rb6 Ra7 37. Kf2 Kd7 38. Bb4 Ra8 39. Rb7+ Ke6 40. a7 Bd8 41. Rb8 Rxa7 42. Rxd8 Rxa2+ 43. Ke1 1-0

[Event "Gelsenkirchen Koenigsspringer op"]
[Site "Gelsenkirchen"]
[Date "2019.12.29"]
[Round "6"]
[White "Broszeit, Peter"]
[Black "Hammerich, Simon"]
[Result "1/2-1/2"]
[WhiteElo "1943"]
[BlackElo "2043"]
[PlyCount "24"]
[EventDate "2019.12.27"]
[EventType "swiss"]
[EventRounds "7"]
[EventCountry "GER"]
[SourceTitle "CBM 194 Extra"]
[Source "ChessBase"]
[SourceDate "2020.03.31"]
[SourceVersion "1"]
[SourceVersionDate "2020.03.31"]
[SourceQuality "1"]

1. e4 e5 2. Bc4 Nf6 3. d4 Nc6 4. Nf3 exd4 5. 0-0 Nxe4 6. Re1 d5 7. Bxd5 Qxd5 8. Nc3 Qd7 9. Nxe4 Be7 10. Bg5 0-0 11. Bxe7 Qxe7 12. Nxd4 Bd7 1/2-1/2

[Event "Dortmund Sparkassen op 47th"]
[Site "Dortmund"]
[Date "2019.07.15"]
[Round "3"]
[White "Sonnenschein, Philipp"]
[Black "Hammerich, Simon"]
[Result "0-1"]
[WhiteElo "2099"]
[BlackElo "1954"]
[PlyCount "68"]
[EventDate "2019.07.13"]
[EventType "swiss"]
[EventRounds "9"]
[EventCountry "GER"]
[SourceTitle "EXT 2020"]
[Source "ChessBase"]
[SourceDate "2019.10.17"]
[SourceVersion "1"]
[SourceVersionDate "2019.10.17"]
[SourceQuality "1"]

1. e4 e5 2. Nf3 Nc6 3. Bb5 a6 4. Ba4 Nf6 5. 0-0 Be7 6. Re1 b5 7. Bb3 0-0 8. a4 b4 9. a5 d6 10. c3 Rb8 11. Bc4 Qd7 12. Qe2 h6 13. d4 bxc3 14. bxc3 exd4 15. cxd4 d5 16. exd5 Nxd5 17. Ne5 Nxe5 18. dxe5 Rxb1 19. Rxb1 Nc3 20. Qc2 Nxb1 21. e6 Qc6 22. exf7+ Kh8 23. Qxb1 Qxc4 24. Rxe7 Bf5 25. Qa1 Kh7 26. Be3 Rxf7 27. Re5 Qd3 28. Rc5 Rd7 29. h3 Be4 30. Bf4 Bxg2 31. Rc3 Qd5 32. Bxc7 Bf3 33. Bf4 Qe4 34. Bg3 Rd1+ 0-1

[Event "Dortmund Sparkassen op 47th"]
[Site "Dortmund"]
[Date "2019.07.14"]
[Round "2"]
[White "Hammerich, Simon"]
[Black "Koellner, Aaron Noah"]
[Result "1-0"]
[WhiteElo "1954"]
[BlackElo "2044"]
[PlyCount "119"]
[EventDate "2019.07.13"]
[EventType "swiss"]
[EventRounds "9"]
[EventCountry "GER"]
[SourceTitle "EXT 2020"]
[Source "ChessBase"]
[SourceDate "2019.10.17"]
[SourceVersion "1"]
[SourceVersionDate "2019.10.17"]
[SourceQuality "1"]

1. e4 c5 2. Nf3 e6 3. d4 cxd4 4. Nxd4 Nc6 5. Nc3 Qc7 6. Be3 a6 7. Qf3 Bd6 8. 0-0-0 Be5 9. Nxc6 bxc6 10. Bd4 Bf4+ 11. Kb1 Nf6 12. g3 Be5 13. Bxe5 Qxe5 14. Qe3 d5 15. f4 Qc7 16. exd5 cxd5 17. Nxd5 Nxd5 18. Rxd5 Bb7 19. Rc5 Qd6 20. Rg1 Qd1+ 21. Qc1 Qd4 22. Rc3 0-0 23. Bg2 Bxg2 24. Rxg2 Rab8 25. Rb3 Rxb3 26. axb3 Rd8 27. Qe1 Qd5 28. Rf2 h5 29. Kc1 Qc5 30. Re2 Rc8 31. Kb1 a5 32. Qf2 Qb5 33. Rd2 Ra8 34. Qd4 Qb7 35. Qd7 Qe4 36. Qd4 Qh1+ 37. Ka2 Qe1 38. Qc3 Qc1 39. Rd4 Qh1 40. Qd2 Kh7 41. Qe2 Kh6 42. Qe4 Qxe4 43. Rxe4 h4 44. Re5 Rd8 45. c4 Rd2 46. gxh4 Kg6 47. Rxa5 Rxh2 48. c5 Rxh4 49. c6 Rh8 50. b4 Kf6 51. Kb3 Ke7 52. b5 Kd6 53. Kb4 Rh4 54. Ra7 Rxf4+ 55. Ka5 e5 56. Rd7+ Ke6 57. b6 Rc4 58. Kb5 Rc2 59. b4 Rh2 60. Rd8 1-0